| 000 | 00394cam a2200169ua 4500 | ||
|---|---|---|---|
| 020 | _a0 582 44632 5 | ||
| 041 |
_aeng _h |
||
| 082 |
_a581.42 _bWIL/ST |
||
| 100 | _aWillmer, Colin M . | ||
| 245 |
_aStomata / _cColin M Willmer. _hTextual Documents |
||
| 250 |
_a1 / _b. |
||
| 260 |
_aLondon : _bLongman , _c1983. |
||
| 300 | _a158 ; . | ||
| 504 | _a | ||
| 942 | _cBK | ||
| 999 |
_c7500 _d7500 |
||